Loading...
| Fine Arts - Painting and Sculpture | 0 | 5 | 2 | 1 | 40 | 50 | 82.40 | 1 | 4 | 16.65 | 27.50 |
| Science - Physics | 0 | 3 | 0 | 0 | 30 | 103 | 117.00 | 0 | 2 | 2.07 | 10.00 |
| Fine Arts - Classical Music | 0 | 3 | 0 | 0 | 30 | 88 | 103.33 | 0 | 2 | 4.54 | 13.33 |
| Philosophy | 0 | 2 | 0 | 2 | 20 | 143 | 144.50 | 0 | 1 | -0.12 | 3.33 |
| History - Other | 0 | 2 | 0 | 1 | 20 | 111 | 125.00 | 0 | 1 | 1.77 | 7.92 |
| Mythology | 0 | 2 | 0 | 0 | 20 | 121 | 124.00 | 0 | 1 | 0.38 | 6.67 |
| Science - Biology | 0 | 2 | 0 | 2 | 20 | 121 | 121.50 | 0 | 2 | 0.00 | 6.67 |
| Science - Other | 0 | 2 | 0 | 1 | 20 | 84 | 113.50 | 0 | 1 | 2.45 | 6.67 |
| Science - Chemistry | 0 | 2 | 1 | 0 | 15 | 114 | 116.50 | 1 | 2 | -0.00 | 10.00 |
| Pop Culture | 0 | 1 | 0 | 1 | 10 | 140 | 140.00 | 0 | 0 | 0.00 | 10.00 |
| Religion | 0 | 1 | 0 | 0 | 10 | 83 | 83.00 | 0 | 0 | 2.76 | 1.67 |
| Literature - British | 0 | 1 | 0 | 0 | 10 | 127 | 127.00 | 0 | 0 | 1.03 | 3.33 |
| Literature - World | 0 | 1 | 0 | 0 | 10 | 124 | 124.00 | 0 | 0 | 0.95 | 1.67 |
| Other Academic | 0 | 1 | 1 | 0 | 5 | 125 | 125.00 | 0 | 0 | 6.10 | 13.33 |
| Social Science | 0 | 1 | 1 | 1 | 5 | 126 | 126.00 | 0 | 1 | -0.13 | 1.67 |
| Fine Arts - Other | 0 | 0 | 1 | 0 | -5 | 0.00 | 0 | 0 | 0.00 | 0.00 |